000 00429nam a2200145Ia 4500
008 230917s9999||||xx |||||||||||||| ||und||
040 _e27942
_aMAIN
041 _aEnglish
082 _a759.95403 I2I
100 _aFilippi, Gian Giuseppe ,ed.
245 0 _aIndian miniatures and paintings from the 16th to the 19th century: Tthe collection of Howard Hodgkin
260 _aMilan
_bElecta
_c1997
300 _a150 p.
942 _cBK
999 _c92335
_d92335